000 00315nam a22001457a 4500
008 210526b ||||| |||| 00| 0 eng d
020 _a9780763857295
041 _aeng
080 _a61
082 _a61
100 _a3
101 _aSHM
245 _aElectronic Health Records
_cDarline Foltz
942 _2udc
_cBK
999 _c57641
_d57641